| 000 | 00851nam#a22002775a#4500 | ||
|---|---|---|---|
| 001 | 1257 | ||
| 008 | 100607s1952####ag#####f######001#0#spa#d | ||
| 245 | 1 | 3 |
_aLa nueva genética : _bvariabilidad controlada de la herencia / _cAlan G. Morton ; traducido por Enrique Mathov y Vera Winitzky. |
| 250 | _a1ª ed. | ||
| 260 |
_aBuenos Aires : _bEdiciones del pórtico, _c1952. |
||
| 300 |
_a238 p. ; _c18 p. |
||
| 490 | 0 | _aNueva Biología | |
| 500 | _aIncluye nómina de términos científicos utilizados. | ||
| 100 | 1 | _aMorton, Alan G. | |
| 700 | 1 |
_aMathov, Enrique, _etraductor. _4trl |
|
| 700 | 1 |
_aWinitzky, Vera, _etraductor. _4trl |
|
| 080 | _a575 | ||
| 084 | _aM79 | ||
| 653 | _aGenética | ||
| 653 | _aHerencia | ||
| 653 | _aHíbridos vegetativos | ||
| 040 |
_aAR-ClEAG _cAR-ClEAG |
||
| 005 | 20241107184702.0 | ||
| 003 | AR-ClEAG | ||
| 942 | _cBK | ||
| 999 |
_c1257 _d1257 |
||
| 980 |
_62 _aEvangelina Gallicchio _82 _gEvangelina Gallicchio |
||